[Event "Dhaka Bangabandhu op-B"]
[Site "Dhaka"]
[Date "2021.03.16"]
[Round "8"]
[White "Abijit, Barua"]
[Black "Khan, Jewel"]
[Result "0-1"]
[WhiteElo "1773"]
[BlackElo "1867"]
[PlyCount "86"]
[EventDate "2021.03.09"]
[EventType "swiss"]
[EventRounds "9"]
[EventCountry "BAN"]
[SourceTitle "CBM 201 Extra"]
[Source "ChessBase"]
[SourceDate "2021.05.31"]
[SourceVersion "1"]
[SourceVersionDate "2021.05.31"]
[SourceQuality "1"]

1. e4 e5 2. Nf3 Nc6 3. d4 exd4 4. Nxd4 Bc5 5. Be3 Qf6 6. c3 d6 7. Bc4 Nge7 8. 0-0 a6 9. Kh1 0-0 10. f3 Bd7 11. Re1 Rad8 12. Qd2 h6 13. Qf2 Ne5 14. Be2 Bb6 15. Nd2 c5 16. Nc2 Bb5 17. c4 Ba4 18. b3 Bc6 19. Red1 Ba5 20. Nf1 b5 21. Ng3 bxc4 22. f4 Nd3 23. Bxd3 cxd3 24. Rxd3 Qb2 25. Rdd1 Rfe8 26. Bc1 Qf6 27. Rb1 Qh4 28. Bb2 Ng6 29. f5 Ne5 30. Ne3 Bxe4 31. Nxe4 Qxe4 32. Qg3 f6 33. Nd5 Kh8 34. a3 Rc8 35. b4 cxb4 36. axb4 Bd8 37. Ne3 Bb6 38. Nd5 Ba7 39. Ra1 Ng4 40. h3 Nf2+ 41. Kh2 Nxd1 42. Nxf6 Qe3 43. Nxe8 Qg1# 0-1

[Event "Dhaka Bangabandhu op-B"]
[Site "Dhaka"]
[Date "2021.03.13"]
[Round "5"]
[White "Khan, Jewel"]
[Black "Mohammad Shafiqul, Islam"]
[Result "0-1"]
[WhiteElo "1867"]
[BlackElo "1729"]
[PlyCount "104"]
[EventDate "2021.03.09"]
[EventType "swiss"]
[EventRounds "9"]
[EventCountry "BAN"]
[SourceTitle "CBM 201 Extra"]
[Source "ChessBase"]
[SourceDate "2021.05.31"]
[SourceVersion "1"]
[SourceVersionDate "2021.05.31"]
[SourceQuality "1"]

1. b3 d5 2. Bb2 Nf6 3. Nf3 g6 4. e3 Bg7 5. h3 0-0 6. d4 c5 7. Bd3 Nc6 8. a3 Ne4 9. 0-0 f5 10. Nbd2 h6 11. c4 Be6 12. cxd5 Bxd5 13. Bc4 e6 14. Rb1 g5 15. Nxe4 fxe4 16. Ne5 Bxe5 17. dxe5 Bxc4 18. bxc4 Qxd1 19. Rfxd1 Rad8 20. Bc3 Rxd1+ 21. Rxd1 Rd8 22. Rxd8+ Nxd8 23. g4 Nc6 24. f4 exf3 25. Kf2 Kf7 26. Kxf3 a6 27. a4 Ke8 28. Ke4 Kd7 29. Kd3 Na7 30. Ba5 Nc8 31. Bc3 Kc6 32. a5 Ne7 33. Kc2 Ng6 34. Kb3 Nh4 35. Be1 Nf3 36. Bg3 b5 37. axb6 Kxb6 38. Kc3 a5 39. Bf2 a4 40. Bg3 Ng1 41. Be1 Nxh3 42. Kd3 Ng1 43. Ke4 a3 44. Bc3 Ne2 45. Ba1 Nc1 46. Kf3 a2 47. Bb2 Nb3 48. Ke4 a1Q 49. Bxa1 Nxa1 50. Kd3 Nb3 51. Kc2 Na5 52. Kc3 Nc6 0-1

[Event "Dhaka Bangabandhu op-B"]
[Site "Dhaka"]
[Date "2021.03.12"]
[Round "4"]
[White "Sacchu, Afzal Hossain"]
[Black "Khan, Jewel"]
[Result "1-0"]
[WhiteElo "1993"]
[BlackElo "1867"]
[PlyCount "89"]
[EventDate "2021.03.09"]
[EventType "swiss"]
[EventRounds "9"]
[EventCountry "BAN"]
[SourceTitle "CBM 201 Extra"]
[Source "ChessBase"]
[SourceDate "2021.05.31"]
[SourceVersion "1"]
[SourceVersionDate "2021.05.31"]
[SourceQuality "1"]

1. Nf3 Nf6 2. g3 b6 3. Bg2 Bb7 4. 0-0 e6 5. c4 Be7 6. a3 0-0 7. b4 d5 8. d3 Nbd7 9. Nbd2 c5 10. Rb1 Qc7 11. Re1 e5 12. e4 dxe4 13. dxe4 Rfd8 14. Qc2 Rac8 15. Bh3 Rb8 16. b5 Nf8 17. Bb2 Bd6 18. Rbd1 Bc8 19. Bxc8 Rbxc8 20. Nf1 Ne6 21. N3d2 Nd4 22. Qb1 Qd7 23. Kg2 Rf8 24. Ne3 g6 25. a4 Kg7 26. f3 Ng8 27. Nd5 Ne7 28. Nf1 Nxd5 29. exd5 Kg8 30. Qd3 f5 31. a5 f4 32. g4 Qd8 33. axb6 axb6 34. Ra1 h5 35. Qxg6+ Kh8 36. Ra7 Rc7 37. Qxh5+ Kg8 38. Rxc7 Qxc7 39. Qg6+ Kh8 40. Nd2 Ra8 41. Bxd4 Ra2 42. Bxe5+ Bxe5 43. Qe8+ Kh7 44. Rxe5 Rxd2+ 45. Kh3 1-0

[Event "Dhaka Bangabandhu op-B"]
[Site "Dhaka"]
[Date "2021.03.10"]
[Round "2"]
[White "Masud, Rana2222"]
[Black "Khan, Jewel"]
[Result "0-1"]
[WhiteElo "1726"]
[BlackElo "1867"]
[PlyCount "82"]
[EventDate "2021.03.09"]
[EventType "swiss"]
[EventRounds "9"]
[EventCountry "BAN"]
[SourceTitle "CBM 201 Extra"]
[Source "ChessBase"]
[SourceDate "2021.05.31"]
[SourceVersion "1"]
[SourceVersionDate "2021.05.31"]
[SourceQuality "1"]

1. e4 e5 2. Nf3 Nc6 3. Bc4 Bc5 4. 0-0 d6 5. c3 Qe7 6. d4 Bb6 7. Bg5 Nf6 8. h3 h6 9. Bh4 Bd7 10. Re1 g5 11. Bg3 Rg8 12. a4 a6 13. b4 g4 14. Nh4 gxh3 15. Nf5 Qf8 16. Nd2 0-0-0 17. b5 Na5 18. bxa6 Bxf5 19. exf5 exd4 20. Qf3 d5 21. Bb5 c6 22. cxd4 Qb4 23. axb7+ Kxb7 24. Bxc6+ Nxc6 25. Nb3 Ne4 26. Nc5+ Ka7 27. Nxe4 dxe4 28. Rxe4 Rxd4 29. Ree1 Rc4 30. Kh2 Rc3 31. Qd5 Qc4 32. Qd7+ Ka6 33. Re8 Rxe8 34. Qxe8 Na7 35. gxh3 Rc2 36. Qe1 Nc6 37. Rb1 Nd4 38. Qe4 Qc6 39. Rxb6+ Qxb6 40. a5 Kxa5 41. Qd5+ Nb5 0-1

[Event "BAN-chT2 Borsho 2nd"]
[Site "Bangladesh"]
[Date "2021.01.22"]
[Round "3.1"]
[White "Khan, Jewel"]
[Black "Nasim Hossain, Bhuiyan"]
[Result "0-1"]
[WhiteElo "1906"]
[BlackElo "1865"]
[PlyCount "102"]
[EventDate "2021.01.20"]
[EventType "team-tourn"]
[EventRounds "9"]
[EventCountry "BAN"]
[SourceTitle "CBM 200 Extra"]
[Source "ChessBase"]
[SourceDate "2021.03.31"]
[SourceVersion "1"]
[SourceVersionDate "2021.03.31"]
[SourceQuality "1"]
[WhiteTeam "Elegant Int CA Eli"]
[BlackTeam "Legend Faraz Ayaiz"]
[WhiteTeamCountry "BAN"]
[BlackTeamCountry "BAN"]

1. d4 d5 2. e3 g6 3. Nf3 Bg7 4. Bd3 Nf6 5. 0-0 0-0 6. c4 c6 7. Nc3 a6 8. Ne5 dxc4 9. Bxc4 b5 10. Bb3 Bb7 11. Qe2 Nbd7 12. Rd1 Qc7 13. Nxd7 Nxd7 14. e4 Nb6 15. Be3 b4 16. Na4 Nxa4 17. Bxa4 Qa5 18. Bb3 e6 19. Rac1 Rfd8 20. e5 Rd7 21. f4 Qd8 22. Qf2 a5 23. g4 a4 24. Bc2 c5 25. dxc5 Qc7 26. Rxd7 Qxd7 27. Qg3 Qd5 28. b3 Rd8 29. Kf2 axb3 30. Rd1 Qxd1 31. Bxd1 bxa2 32. Qh4 Rxd1 33. Qe7 Rf1+ 34. Kxf1 a1Q+ 35. Kf2 Qb2+ 36. Ke1 Bf3 37. Qd8+ Bf8 38. Bd2 Qb1+ 39. Kf2 Qd1 40. f5 Qe2+ 41. Kg3 Qg2+ 42. Kf4 Qxg4+ 43. Ke3 Qe4+ 44. Kf2 Qe2+ 45. Kg3 Qg2+ 46. Kf4 g5+ 47. Qxg5+ Qxg5+ 48. Kxg5 Bxc5 49. fxe6 fxe6 50. Kf6 Bd5 51. h4 b3 0-1

[Event "BAN-chT"]
[Site "Dhaka"]
[Date "2018.12.16"]
[Round "11.2"]
[White "Zia, Tahsin Tajwar"]
[Black "Khan, Jewel"]
[Result "1/2-1/2"]
[WhiteElo "1925"]
[BlackElo "1957"]
[PlyCount "123"]
[EventDate "2018.12.06"]
[EventType "team-tourn"]
[EventRounds "11"]
[EventCountry "BAN"]
[SourceTitle "CBM 187 Extra"]
[Source "ChessBase"]
[SourceDate "2018.11.04"]
[SourceVersion "1"]
[SourceVersionDate "2018.11.04"]
[SourceQuality "1"]
[WhiteTeam "Golden Sporting"]
[BlackTeam "Fire Service & Civil Defense"]
[WhiteTeamCountry "BAN"]
[BlackTeamCountry "BAN"]

1. Nf3 d5 2. d4 Nf6 3. Bf4 e6 4. e3 Bd6 5. Bg3 0-0 6. Nbd2 Qe7 7. Bd3 Nbd7 8. Ne5 Re8 9. f4 Nf8 10. Qf3 c6 11. Bf2 N6d7 12. g4 f6 13. Nxd7 Bxd7 14. 0-0-0 e5 15. fxe5 fxe5 16. e4 Be6 17. Kb1 Ng6 18. exd5 Rf8 19. Qe3 Bxd5 20. Rhe1 exd4 21. Qxe7 Nxe7 22. Bxd4 Ng6 23. c4 Bf7 24. Bg1 Bb4 25. a3 Rad8 26. Kc2 Nf4 27. Bf5 Rxd2+ 28. Rxd2 Bxd2 29. Kxd2 g6 30. Rf1 Rd8+ 31. Kc2 Ne2 32. Bd3 Nd4+ 33. Kc3 c5 34. Be3 b6 35. Rf6 Kg7 36. g5 h6 37. h4 hxg5 38. Bxg5 Rd7 39. Rf4 Kg8 40. Bf6 Ne6 41. Rg4 Kf8 42. Be5 Ng7 43. Bxg6 Bxg6 44. Rxg6 Ne8 45. h5 Rh7 46. h6 Kf7 47. Rg7+ Nxg7 48. Bxg7 Rxg7 49. hxg7 Kxg7 50. Kb3 Kf6 51. Ka4 a6 52. b4 Ke5 53. bxc5 bxc5 54. Ka5 Kd4 55. Kxa6 Kxc4 56. Kb6 Kd4 57. a4 c4 58. a5 c3 59. a6 c2 60. a7 c1Q 61. a8Q Qc5+ 62. Kb7 1/2-1/2

[Event "BAN-chT"]
[Site "Dhaka"]
[Date "2018.12.07"]
[Round "2.3"]
[White "Khan, Jewel"]
[Black "Mohammad, Minhaz Uddin"]
[Result "0-1"]
[WhiteElo "1957"]
[BlackElo "2290"]
[PlyCount "152"]
[EventDate "2018.12.06"]
[EventType "team-tourn"]
[EventRounds "11"]
[EventCountry "BAN"]
[SourceTitle "CBM 187 Extra"]
[Source "ChessBase"]
[SourceDate "2018.11.04"]
[SourceVersion "1"]
[SourceVersionDate "2018.11.04"]
[SourceQuality "1"]
[WhiteTeam "Fire Service & Civil Defense"]
[BlackTeam "Bangladesh Navy"]
[WhiteTeamCountry "BAN"]
[BlackTeamCountry "BAN"]

1. d4 Nf6 2. e3 d5 3. Nf3 Bg4 4. Bd3 e6 5. 0-0 c5 6. c4 Nc6 7. cxd5 exd5 8. dxc5 Bxc5 9. a3 a6 10. b4 Ba7 11. Bb2 0-0 12. Nbd2 Re8 13. Rc1 Ne4 14. Nb3 Qe7 15. Be2 Rad8 16. Nbd4 Rd6 17. Nxc6 bxc6 18. Nd4 Bd7 19. Bg4 Bxg4 20. Qxg4 Bxd4 21. Bxd4 Rg6 22. Qe2 f5 23. f3 Ng5 24. f4 Ne4 25. Rf3 Ra8 26. Rh3 h6 27. Bc5 Qd7 28. Qb2 Kh7 29. Rf3 a5 30. Rff1 axb4 31. axb4 Qb7 32. Rc2 Re6 33. Qd4 Ra4 34. Rb1 Qa8 35. h3 Rg6 36. Kh2 Ra2 37. Rxa2 Qxa2 38. Qb2 Qc4 39. Rc1 Qb5 40. Bd4 Qb8 41. Rg1 Rg3 42. Rf1 Qd8 43. Qe2 Qe8 44. Rf3 Qg6 45. Rxg3 Qxg3+ 46. Kg1 Kg6 47. Qf1 h5 48. Qe2 h4 49. Qf1 Kh6 50. Qe2 Kg6 51. Qf1 Kh7 52. Qe2 Qg6 53. Kh2 Kh6 54. Qe1 Qg3+ 55. Qxg3 hxg3+ 56. Kg1 Kg6 57. Kf1 Kf7 58. Ke2 g6 59. Kf3 Ke6 60. Bb6 Kd7 61. Ke2 Kc8 62. Kf3 Kb7 63. Bd8 Ka6 64. Be7 Kb5 65. Bf8 Kc4 66. Be7 Kc3 67. Bf8 Kd2 68. Be7 Ke1 69. Bf8 Kf1 70. Be7 Kg1 71. Bh4 Kh2 72. Be7 Nd2+ 73. Ke2 Kxg2 74. Kxd2 Kf1 75. e4 dxe4 76. Bc5 g2 0-1

[Event "Dhaka SGS op"]
[Site "Dhaka"]
[Date "2017.06.08"]
[Round "6"]
[White "Ahmed, Sk Nasir"]
[Black "Khan, Jewel"]
[Result "1-0"]
[WhiteElo "2234"]
[BlackElo "1962"]
[PlyCount "77"]
[EventDate "2017.06.03"]
[EventType "swiss"]
[EventRounds "9"]
[EventCountry "BAN"]
[SourceTitle "EXT 2019"]
[Source "ChessBase"]
[SourceDate "2018.10.10"]
[SourceVersion "1"]
[SourceVersionDate "2018.10.10"]
[SourceQuality "1"]

1. c4 e6 2. g3 d5 3. Bg2 Nf6 4. Nf3 Bd6 5. 0-0 0-0 6. b3 c6 7. Bb2 Qe7 8. Nc3 Ba3 9. Bxa3 Qxa3 10. Qc2 Nbd7 11. d4 Qe7 12. e4 dxe4 13. Nxe4 e5 14. Rfe1 Nxe4 15. Qxe4 f5 16. Qe3 e4 17. Nd2 Qf7 18. f3 exf3 19. Nxf3 f4 20. Qxf4 Qxf4 21. gxf4 Rxf4 22. Re8+ Rf8 23. Rae1 Nf6 24. R8e7 Bd7 25. Ne5 Rad8 26. d5 cxd5 27. Nxd7 Rxd7 28. Bxd5+ Kh8 29. Rxd7 Nxd7 30. Bxb7 g6 31. Re7 Rd8 32. Bc6 Nf6 33. Rxa7 Rd2 34. b4 Ng4 35. b5 Rb2 36. c5 Ne5 37. a4 Nd3 38. b6 Nxc5 39. b7 1-0

[Event "Dhaka SGS op"]
[Site "Dhaka"]
[Date "2017.06.07"]
[Round "5"]
[White "Khan, Jewel"]
[Black "Bhuiyan, Golam Mostafa"]
[Result "1-0"]
[WhiteElo "1962"]
[BlackElo "2107"]
[PlyCount "99"]
[EventDate "2017.06.03"]
[EventType "swiss"]
[EventRounds "9"]
[EventCountry "BAN"]
[SourceTitle "EXT 2019"]
[Source "ChessBase"]
[SourceDate "2018.10.10"]
[SourceVersion "1"]
[SourceVersionDate "2018.10.10"]
[SourceQuality "1"]

1. d4 Nf6 2. c4 e6 3. Nf3 b6 4. Nc3 Bb7 5. e3 Bb4 6. Bd3 0-0 7. 0-0 d5 8. Ne5 Nbd7 9. f4 Be7 10. cxd5 exd5 11. Bf5 c5 12. Bd2 Nb8 13. Kh1 Nc6 14. Be1 g6 15. Bc2 a6 16. Rc1 Kg7 17. Bh4 Qd6 18. dxc5 Qxc5 19. Bxf6+ Bxf6 20. Nd7 Qd6 21. Nxf8 Nb4 22. Ne4 Qxf8 23. Nxf6 Kxf6 24. Qd4+ Ke6 25. Qxb6+ Bc6 26. f5+ Kd7 27. Bb1 Rb8 28. Qd4 a5 29. a3 Na6 30. fxg6 hxg6 31. Qf6 Rb6 32. Bxg6 Qe7 33. Qd4 fxg6 34. Qxb6 Qe6 35. Qxc6+ Qxc6 36. Rxc6 Kxc6 37. Rf6+ Kb7 38. Rd6 Nc7 39. Rxg6 Na8 40. h4 Nb6 41. Rxb6+ Kxb6 42. h5 Kc5 43. h6 Kc4 44. h7 Kd3 45. h8Q Kxe3 46. Qc3+ Ke4 47. Qxa5 d4 48. Qd2 d3 49. Kg1 Kd4 50. b3 1-0

[Event "Dhaka SGS op"]
[Site "Dhaka"]
[Date "2017.06.05"]
[Round "3"]
[White "Rahman, Siddiqur"]
[Black "Khan, Jewel"]
[Result "1-0"]
[WhiteElo "2083"]
[BlackElo "1962"]
[PlyCount "85"]
[EventDate "2017.06.03"]
[EventType "swiss"]
[EventRounds "9"]
[EventCountry "BAN"]
[SourceTitle "EXT 2019"]
[Source "ChessBase"]
[SourceDate "2018.10.10"]
[SourceVersion "1"]
[SourceVersionDate "2018.10.10"]
[SourceQuality "1"]

1. d4 d5 2. c4 e6 3. Nc3 Nf6 4. Bg5 Be7 5. e3 0-0 6. Nf3 c6 7. Rc1 Nbd7 8. Bd3 dxc4 9. Bxc4 Nd5 10. Bxe7 Qxe7 11. 0-0 Nxc3 12. Rxc3 e5 13. dxe5 Nxe5 14. Nxe5 Qxe5 15. Qb3 b5 16. Be2 Be6 17. Qc2 Bd5 18. Bd3 f5 19. Re1 Rae8 20. Rc5 Rf6 21. Rd1 a6 22. a4 bxa4 23. Qxa4 Qxb2 24. Rxd5 cxd5 25. Qxe8+ Rf8 26. Qe6+ Kh8 27. Qxa6 Qe5 28. Qa1 Qxa1 29. Rxa1 g6 30. Rd1 Rc8 31. Be2 Rc5 32. Bf3 Kg7 33. Rxd5 Rc1+ 34. Rd1 Rc7 35. g3 h6 36. Rb1 Rc3 37. Rb7+ Kf6 38. Rb6+ Kg7 39. h4 h5 40. Kg2 Rc4 41. Rb7+ Kf6 42. Bd5 Ra4 43. f4 1-0